000 00645cam a22002293a 4500
001 13420
003 PGUSA
005 20140828083304.0
008 040910s2004||||xxu|||||s|||||000 | eng d
040 _aPGUSA
_beng
042 _adc
050 4 _aDS
100 1 _aDingle, Edwin John,
_d1881-1972
245 1 0 _aAcross China on Foot
_h[electronic resource] /
_cEdwin John Dingle
260 _bProject Gutenberg,
_c2004
506 _aPublic domain in the USA.
516 _aElectronic text
653 _aChina -- Description and travel
830 0 _aProject Gutenberg
_v13420
856 4 0 _uhttp://www.gutenberg.org/ebooks/13420
942 _cEB
999 _c242675
_d242675